000 00924nas a2200313 4500
001 BR2014005693
003 BR-BrBNA
005 20231205124517.0
007 ta
008 230509b bl.|||p| |||| 00| 00por d
040 _aBR-BrBNA
_bpor
_cBiblioteca Nacional de Agricultura
041 _a(En)
072 _aL73
100 1 _aSilva, M.N.G. de
100 1 _aPereira, D.T.P.
100 1 _aMistieri, M.L. de A.
100 1 _aLubeck, I.
100 1 _aPascon, J.P. da E.
245 1 _aParasitological analisys of synovial fluid from dogs naturally infeccted with Leishmania sp
650 _aCÃO
650 _aLEISHMANIOSE
650 _aPROTOZOÁRIO
650 _aINFESTAÇÃO
650 _aDIAGNÓSTICO
650 _aARTICULAÇÃO
773 0 _tCiência Rural (Brazil)
_xISSN 0103-8478
_g(Jul 2014), v. 44(7) p. 1236-1239
_wBR2014005693
909 _a202311
_bLúcia
_c55
_dLúcia Elande
942 _2AGRIS
_n0
_cANA
999 _c239452
_d239452